000 00414nam a2200169Ia 4500
008 260407s2015 xx 000 0 und d
041 _aeng
082 _a510/SAG
_b12250
100 _aK.SAGAR
245 _aSPARADHA PARIKHSHA AATYAVSHAKA AKAGANIT
250 _a6TH
260 _aPUNE
_bK.SAGAR PUB HOUSE
_c2015
300 _a219p
650 _aGENERAL
650 _aGENERAL
700 _aDR. PRADEEP AAGASHE
999 _c1219742
_d1219742